Informačné systémy na podporu podnikania

Podnikové informačné systémy a tvorba informačnej stratégie podnikov patrí medzi kľúčové oblasti, ktoré sú u malých a stredných podnikov na Slovensku zanedbané. Prehľad vývoja týchto systémov ako východisko pri rozhodovaní sa o správnom systéme na implementovanie.

Gespeichert in:
Bibliographische Detailangaben
1. Verfasser: Hlavatý, Ivan, 1978-
Format: Buchkapitel
Sprache:Slowakisch
Schlagworte:
Tags: Tag hinzufügen
Keine Tags, Fügen Sie das erste Tag hinzu!

MARC

LEADER 00000nla a2200000 4500
001 0224913
005 20240502073702.2
041 0 |a slo 
044 |a SK 
245 1 0 |a Informačné systémy na podporu podnikania  |c Ivan Hlavatý 
520 |a Podnikové informačné systémy a tvorba informačnej stratégie podnikov patrí medzi kľúčové oblasti, ktoré sú u malých a stredných podnikov na Slovensku zanedbané. Prehľad vývoja týchto systémov ako východisko pri rozhodovaní sa o správnom systéme na implementovanie. 
610 2 0 |a systémy informačné podnikové 
610 2 0 |a systémy podporné rozhodovacie 
610 2 0 |a systémy informačné integrované 
610 2 0 |a podnik malý 
610 2 0 |a podnik stredný 
100 1 |a Hlavatý, Ivan, 1978-